00780nam a22002057a 4500003001000000005001700010008004100027020001800068040000900086082001600095100003100111245016700142250001200309260005300321300003800374650001200412942001200424999001700436952012100453NUST-PNEC20170116180742.0141222b xxu||||| |||| 00| 0 eng d a9789698464387 cPNEC a153.753 SAY 91135aSayal, Faizia Hassan aNai zindagi : Saal kay har din kay lya 365 rehnuma asool, ek seehat mand aur pur musarat zindagi kay lya ( Urdu translation of "Born again" )cFaiza Hassan Sayal a2nd ed. aLahore :bShirkat Printing Press Lahore,cc2010. a1 vol. (various pagings )c16 cm. xGeneral 2ddccBK c62208d62208 00102ddc4070aPNECbPNECcWING-Ad2012-05-30eDonatedl0o153.753 SAYpPNECLIB-030825r2014-12-22w0000-00-00yBK